000 00740nam a2200217 i 4500
001 81190
003 ES-MaACL
005 20230906174403.0
007 t|
008 171018s1921 fr ||||1| fre d
100 1 _aPevet, A.
_9163718
245 1 4 _aLes traités
_b: ce qu'étaient les différents systèmes d'alliances au jour de la déclaration de guerre /
_cA. Pevet.
260 _aParis :
_bClarté,
_c1921.
300 _a40 p. ;
_c18 cm.
490 1 _aConférences Clarté ;
_vCahier nº 3
500 _aConférence donnée le 25 février 1921, Paris.
650 4 _aTratados internacionales-
_zFrancia.
_9163719
830 0 _aConférences Clarté ;
_vCahier nº 3
_9182101
852 _aES-MaACL
_jF-2709(3)
999 _c81190
_d81190